| 000 | 00908na a2200301 4500 | ||
|---|---|---|---|
| 001 | 14677 | ||
| 003 | MIRAKIL | ||
| 005 | 20181213155222.0 | ||
| 008 | 160830b tu 000 0 | ||
| 020 | _a9789759876982 | ||
| 035 | _a14677 | ||
| 040 |
_aMilas _btur _cTR-AnCHP |
||
| 082 |
_a324.9 1950 _bT85b 2010 |
||
| 090 | _a324.9 1950 T85b 2010 | ||
| 100 | _aTuncer, Erol | ||
| 245 |
_a1950 seçimleri _cErol Tuncer |
||
| 260 |
_aAnkara _bTESAV _c2010 |
||
| 300 |
_axiv, 452 s. _btbl. _c27 sm. |
||
| 490 |
_aTESAV yayınları _v34 |
||
| 504 | _aKaynakça ve dizin var. | ||
| 650 |
_aSiyasal tarih _x1954-1957 _zTürkiye |
||
| 650 |
_aSiyasal partiler _x1954-1957 _zTürkiye |
||
| 650 |
_aTBMM _x9. Dönem _y1950-1954 |
||
| 650 |
_aSeçimler _xİstatistikler _zTürkiye |
||
| 651 |
_aTürkiye _xSeçimler _yGenel seçimler, 1950 |
||
| 651 |
_aTürkiye _xSiyaset ve yönetim _y1954-1957 |
||
| 942 |
_2ddc _cBKS |
||
| 999 |
_c8698 _d8698 |
||